Munich City Trivia - Statistics

General Stats
  • This quiz has been taken 409 times
  • The average score is 11 of 20
Answer Stats
Hint Answer % Correct
Munich is Germany's 3rd most populous city. Name a more populated city in Germany Berlin / Hamburg
99%
The world's largest Volksfest Oktoberfest
93%
Munich hosted this event in 1972 Summer Olympics
91%
During the above, a terrorist attack took place against 9 athletes from this country Israel
88%
This automotive company was founded in Munich BMW
85%
Largest immigrant group in Munich Turks
83%
In 1923, this man unsuccessfully launched a coup against the German government Adolf Hitler
81%
The above is a tributary of this river Danube
71%
The 1938 Munich Agreement discussed the status of the Sudetenland, then part of this country Czechoslovakia
65%
The largest Arena in the city Allianz Arena
52%
This film director made a 2005 film named "Munich" about the aftermath of the above event Steven Spielberg
49%
River which flows through Munich Isar
42%
Where the above event takes place Theresienwiese
35%
Munich's airport is named after this Bavarian politician Franz Josef Strauss
30%
The more commonly used name for Karlsplatz Stachus
26%
A famous food market located at the city center Viktualienmarkt
26%
An annual international conference held every February, attended by many world leaders Munich Security Conference
20%
What appears on the coat of arms of Munich? A monk
13%
Munich's tallest building Olympic Tower
13%
Name of the Bavarian State Legislature Landtag
12%
No matching quizzes found
Score Distribution
Percent of People with Each Score
Percentile by Number Answered
Your Score History
You have not taken this quiz